000 00621nam a2200193Ia 4500
005 20260114185738.0
008 008 260114s9999 xx 000 0 eng d
020 _a9781350205369
037 _aEBOOK
040 _aCRL
_beng
_cCRL
041 _aeng
_2eng
084 _qCRL
100 _aStijn Bussels, Caroline van Eck, and Bram Van Oostveldt
_9873876
245 4 _aThe Amsterdam Town Hall in Words and Images Constructing Wonders
260 _bBloomsbury
_c2021
856 _uhttps://doi.org/10.5040/9781350205369?locatt=label:secondary_bloomsburyCollections
942 _cEBOOK
999 _c1472816
_d1472816